Worcestershire Places - Sudden Death - Statistics

General Stats
  • This quiz has been taken 39 times
  • The average score is 8 of 10
Answers on the Grid
Answers color-coded by a green-red scale on the quiz's grid according to % correct below.
Alvechurch
Bakewell
Banbury
Bewdley
Bridgnorth
Brixham
Bromsgrove
Droitwich Spa
Evesham
Hereford
Kidderminster
Leominster
Marlborough
Oakham
Pershore
Peterborough
Redditch
Stourport-on-Severn
Worcester
Worksop
 
Answer Stats
Answer % Correct
Evesham
88%
Worcester
88%
Droitwich Spa
85%
Pershore
85%
Bromsgrove
81%
Redditch
77%
Kidderminster
73%
Stourport-on-Severn
69%
Bewdley
62%
Alvechurch
54%
No matching quizzes found
Score Distribution
Percent of People with Each Score
Percentile by Number Answered
Your Score History
You have not taken this quiz